Handbook of urgent care medicine (Record no. 7179)
[ view plain ]
| 000 -LEADER | |
|---|---|
| fixed length control field | 00843nam a22002657a 4500 |
| 003 - CONTROL NUMBER IDENTIFIER | |
| control field | OSt |
| 005 - DATE AND TIME OF LATEST TRANSACTION | |
| control field | 20150727104258.0 |
| 008 - FIXED-LENGTH DATA ELEMENTS--GENERAL INFORMATION | |
| fixed length control field | 150727b xxu||||| |||| 00| 0 eng d |
| 020 ## - INTERNATIONAL STANDARD BOOK NUMBER | |
| International Standard Book Number | 9781560534488 |
| 040 ## - CATALOGING SOURCE | |
| Original cataloging agency | SEKU |
| 050 ## - LIBRARY OF CONGRESS CALL NUMBER | |
| Classification number | RC 86.8 |
| Item number | .B5 2001 |
| 100 ## - MAIN ENTRY--PERSONAL NAME | |
| Personal name | Biros, Michelle H. |
| 245 ## - TITLE STATEMENT | |
| Title | Handbook of urgent care medicine |
| Statement of responsibility, etc. | edited by Michelle H. Biros, Steve Sterner, E Corradin Vogel. |
| 250 ## - EDITION STATEMENT | |
| Edition statement | 2nd ed. |
| 260 ## - PUBLICATION, DISTRIBUTION, ETC. (IMPRINT) | |
| Place of publication, distribution, etc. | Philadelphia : |
| Name of publisher, distributor, etc. | Hanley & Belfus, |
| Date of publication, distribution, etc. | ©2002. |
| 300 ## - PHYSICAL DESCRIPTION | |
| Extent | 447 p. : |
| Other physical details | ill. |
| 440 ## - SERIES STATEMENT/ADDED ENTRY--TITLE | |
| Title | Secrets series. |
| 504 ## - BIBLIOGRAPHY, ETC. NOTE | |
| Bibliography, etc | Includes bibliographical references |
| 650 ## - SUBJECT ADDED ENTRY--TOPICAL TERM | |
| Source of heading or term | Emergency medicine |
| Form subdivision | Handbooks |
| -- | manuals |
| 650 ## - SUBJECT ADDED ENTRY--TOPICAL TERM | |
| Source of heading or term | Medical emergencies |
| Form subdivision | Handbooks |
| -- | manuals |
| 650 ## - SUBJECT ADDED ENTRY--TOPICAL TERM | |
| Source of heading or term | Emergencies |
| Form subdivision | Handbooks |
| 700 ## - ADDED ENTRY--PERSONAL NAME | |
| Personal name | Sterner, Steve |
| 700 ## - ADDED ENTRY--PERSONAL NAME | |
| Personal name | Vogel, E Corradin |
| 942 ## - ADDED ENTRY ELEMENTS (KOHA) | |
| Source of classification or shelving scheme | Library of Congress Classification |
| Koha item type | General circulation |
| Withdrawn status | Lost status | Source of classification or shelving scheme | Damaged status | Not for loan | Home library | Current library | Shelving location | Date acquired | Source of acquisition | Total Checkouts | Full call number | Barcode | Date last seen | Price effective from | Koha item type |
|---|---|---|---|---|---|---|---|---|---|---|---|---|---|---|---|
| Library of Congress Classification | Main Campus Library | Main Campus Library | General Stacks | 27/07/2015 | Donation-Books for Africa | RC 86.8 .B5 2001 | 2015/003067 | 27/07/2015 | 27/07/2015 | General circulation |